| 000 | 01136cam a2200313 a 4500 | ||
|---|---|---|---|
| 999 |
_c1504 _d1504 |
||
| 001 | 9540 | ||
| 003 | BD-DhUAP | ||
| 005 | 20200209113106.0 | ||
| 008 | 200209s2005 bg l 000 0 eng | ||
| 020 | _z98484660014 | ||
| 025 | _aB-E-2005-386595; 24 | ||
| 035 | _a(DLC)2005386595 | ||
| 035 | _a(DLC)4429 | ||
| 037 |
_bLibrary of Congress -- New Delhi Overseas Office _cTk250.00 |
||
| 040 |
_aBD-DhUAP _cBD-DhUAP _dBD-DhUAP _bEng |
||
| 082 |
_223 _a345.02095492 RAH |
||
| 100 | 1 | _aRahman, Muhammad Mahbubur. | |
| 245 | 1 | 0 |
_aNari-o-shishu nirjatan daman ain, 2000 : _bwith latest amendments & up-to-date case laws / _cMuhammad Mahbubur Rahman. |
| 250 | _a1st ed. | ||
| 260 |
_aDhaka : _bNew Warsi Book Corp. : _c2005. |
||
| 300 |
_axlii, 327 pages ; _c22 cm. |
||
| 520 | _aCommentary on Nārī o Śiśu Niryātana Damana Āina, 2000, act to contain oppression of women and children in Bangladesh. | ||
| 546 | _aIncludes passages in Bengali. | ||
| 650 | 0 |
_aRape _zBangladesh. |
|
| 650 | 0 |
_aRape _zBangladesh _xCases. |
|
| 906 |
_a7 _bcbc _corigode _d2 _encip _f20 _gy-gencatlg |
||
| 942 |
_2ddc _cBK |
||